00339nam a2200121Ia 4500008004100000024001500041082001900056100001800075245003900093260002600132600002100158650003800179260210s9999 xx 000 0 und d a13B-079-BS a005.399072 WAQ aWaqar Hussain 0aBakery Items on Demand (CODE BOOK) aKarachi:bUITU,c2013 aComputer Science aBachelor of Computer Science (BS)